Statistics for Islam A-Z

Click here to take the quiz!

General Stats

  • This quiz has been taken 8,755 times
    (8,737 since last reset)
  • The average score is 18 of 26

Answer Stats

HintAnswer% Correct
ALanguage that was spoken by MuhammadArabic
99%
MHoliest city in IslamMecca
95%
QCentral religious text of IslamQuran
92%
ICountry with the most Muslims in the worldIndonesia
90%
RMonth of the Islamic calendar where fasting is observed during daylight hoursRamadan
90%
L"Sharia" is a term for Islamic ___Law
88%
JWord that means "struggle" and sometimes "holy war"Jihad
87%
SBranch of Islam followed by about 90% of MuslimsSunni
87%
CFollowing the example of Abraham, most male Muslims
have this done to them as a baby
Circumcision
85%
PThis practice is tolerated in Islam, with men who can afford it being
allowed to have up to four wives
Polygyny
80%
HTerm that mean "permissible", often referring to foodHalal
80%
GWhat "Akbar" means in the phrase "Allāhu Akbar"Great
76%
EThe Muslim Brotherhood was founded in this country in 1928Egypt
74%
BPossibly the largest city in the world during the "Islamic Golden Age"Baghdad
73%
VAccording to one controversial hadith, believers will be rewarded with
72 of these in the afterlife
Virgins
72%
DMuslim shrine on the Temple Mount of Jerusalem{Dome} of the Rock
68%
OThe last caliphate, it was dissolved after WWI{Ottoman} Caliphate
66%
KSmall cube-shaped building that is Islam's holiest locationKaaba
60%
FDaughter of Muhammad and the wife of AliFatimah
60%
NGarment of clothing that covers the face, worn by some Muslim womenNiqāb
55%
YIslamic version of the Biblical character JosephYūsuf
51%
WFundamentalist branch of Islam practiced in Saudi ArabiaWahhabi
45%
ULargest of the Islamic caliphates, it stretched from India to France{Umayyad} Caliphate
41%
XRegion of China where heavily-persecuted Uyghur Muslims liveXinjiang
28%
ZThe practice of giving 2.5% of ones wealth to charity each yearZakat
22%
TSome shias believe that this imam's appearance will bring about the end times{Twelfth} Imam
12%

Score Distribution

Percentile by Number Answered

Percent of People with Each Score

Your Score History

You have not taken this quiz since the last reset